00564 2200217 4500001002100000005001700021006001900038008004100057020002200098035002500120090001200145100001600157245004700173260002700220700001400247990001700261990001700278990001700295990001700312990001700329INLIS00000000000836420140224091103.0a ||| | 180719| ||| |  a978-979-29-2211-0 a0010-081300000000001 a030 - e0 aFiva Sitepu00aENSIKLOPEDI:8000 NAMA BAYI DALAM 60 BAHASA aJakartabG-Mediac20100 aBABYBOOKS a8529/PN/2013 a8781/PN/2013 a8529/PN/2013 a8529/PN/2013 a8781/PN/2013